[Event "POL-chT U19 43th"]
[Site "Suchedniow"]
[Date "2012.07.??"]
[Round "7"]
[White "Leks, Maria"]
[Black "Cyboran, Katarzyna"]
[Result "1-0"]
[WhiteElo "2106"]
[BlackElo "1757"]
[PlyCount "247"]
[EventDate "2012.07.21"]
[EventType "team-tourn"]
[EventRounds "9"]
[EventCountry "POL"]
[SourceTitle "EXT 2014"]
[Source "ChessBase"]
[SourceDate "2013.11.20"]
[SourceVersion "1"]
[SourceVersionDate "2013.11.20"]
[SourceQuality "1"]
[WhiteTeam "Warszawa Polonia U19"]
[BlackTeam "Czarna LKSz GCKiP U19"]
[WhiteTeamCountry "POL"]
[BlackTeamCountry "POL"]

1. e4 e6 2. d4 d5 3. Nd2 dxe4 4. Nxe4 Nd7 5. Nf3 Ngf6 6. Bg5 h6 7. Bh4 Be7 8. Ned2 0-0 9. Bd3 c5 10. c3 cxd4 11. cxd4 Nb6 12. 0-0 Bd7 13. Ne5 Rc8 14. Rc1 Rxc1 15. Qxc1 Bc6 16. Nxc6 bxc6 17. Nf3 Qd5 18. Bb1 Rc8 19. b4 a5 20. Bxf6 Bxf6 21. Qc5 Qxc5 22. dxc5 Nd5 23. bxa5 Ra8 24. Nd2 Rxa5 25. Ne4 Bd4 26. Rd1 Bxc5 27. Rc1 Ba3 28. Rxc6 Ra8 29. Nd2 Bb4 30. Nc4 Ne7 31. Rc7 Nd5 32. Rb7 Rc8 33. Bd3 g6 34. g3 Bf8 35. a4 Rc7 36. Rb8 Kg7 37. a5 Nb4 38. Be2 Ra7 39. Bf3 Na6 40. Rb6 Bc5 41. Rc6 Bb4 42. Rb6 Bc3 43. Bb7 Bd4 44. Rb1 Nc5 45. Bf3 e5 46. Rb5 Nd3 47. Bb7 Nxf2 48. a6 Nd3+ 49. Kg2 Nc5 50. Na5 Nxa6 51. Nc6 Nc7 52. Nxa7 Nxb5 53. Nxb5 Ba1 54. Kf3 f5 55. Ke3 g5 56. Bc8 f4+ 57. Ke4 fxg3 58. hxg3 h5 59. Kf5 h4 60. g4 Kh6 61. Bb7 Bb2 62. Nd6 Bc1 63. Nf7+ Kg7 64. Nxe5 Bf4 65. Bd5 h3 66. Nf7 h2 67. Nxg5 Bc1 68. Ne6+ Kh6 69. Nf4 Kg7 70. g5 Bb2 71. g6 Kh6 72. Nd3 Ba1 73. Nf2 Kh5 74. Ng4 Bb2 75. Nxh2 Kh6 76. Be4 Ba1 77. Ke6 Kg7 78. Ng4 Bb2 79. Ne3 Ba1 80. Nd5 Bb2 81. Nc7 Ba1 82. Ne8+ Kf8 83. Bc6 Bb2 84. Kf5 Bc3 85. Kg5 Bd2+ 86. Kh5 Bc3 87. Kh6 Bb2 88. g7+ Bxg7+ 89. Nxg7 Ke7 90. Kg6 Kd6 91. Bg2 Kc5 92. Kf5 Kd4 93. Ne6+ Kc3 94. Ke4 Kc4 95. Bf1+ Kc3 96. Nd4 Kd2 97. Nb5 Kc2 98. Bc4 Kb2 99. Kd3 Kc1 100. Nd4 Kb2 101. Ne2 Kb1 102. Kc3 Ka1 103. Bd3 Ka2 104. Nd4 Ka1 105. Bc4 Kb1 106. Nc2 Kc1 107. Ba2 Kd1 108. Nd4 Kc1 109. Ne2+ Kd1 110. Kd3 Ke1 111. Ke3 Kd1 112. Bb3+ Ke1 113. Nf4 Kf1 114. Bd5 Ke1 115. Bf3 Kf1 116. Be2+ Kg1 117. Bb5 Kh1 118. Kf2 Kh2 119. Bc4 Kh1 120. Ne6 Kh2 121. Ng5 Kh1 122. Kg3 Kg1 123. Nh3+ Kh1 124. Bd5# 1-0

[Event "EU-ch U16 Girls"]
[Site "Albena"]
[Date "2011.09.19"]
[Round "8"]
[White "Cyboran, Katarzyna"]
[Black "Mirzabekyan, Svetlana"]
[Result "1/2-1/2"]
[WhiteElo "1787"]
[BlackElo "1823"]
[PlyCount "125"]
[EventDate "2011.09.11"]
[EventType "swiss"]
[EventRounds "9"]
[EventCountry "BUL"]
[SourceTitle "CBM 144 Extra"]
[Source "ChessBase"]
[SourceDate "2011.10.28"]
[SourceVersion "1"]
[SourceVersionDate "2011.10.28"]
[SourceQuality "1"]

1. e4 e5 2. d4 exd4 3. Qxd4 Nc6 4. Qe3 d6 5. Nc3 Nf6 6. Bd2 Be6 7. 0-0-0 Ng4 8. Qe1 Be7 9. f4 f5 10. h3 Nf6 11. e5 dxe5 12. fxe5 Nd7 13. Nf3 0-0 14. Qg3 Qe8 15. Bb5 Qg6 16. Qxg6 hxg6 17. Bxc6 bxc6 18. Nd4 Bd5 19. Nxd5 cxd5 20. Nc6 Bc5 21. b4 Bb6 22. Bf4 d4 23. Nxd4 g5 24. e6 Nf6 25. Bxg5 Ne4 26. Bh4 Nc3 27. e7 Rfe8 28. Nxf5 Nxd1 29. Rxd1 a5 30. b5 Bc5 31. Rd7 Rec8 32. Kb2 Kf7 33. Rd5 Bb6 34. c4 Bg1 35. g4 Bh2 36. c5 g6 37. Nd4 Bf4 38. Nc6 Ke6 39. Rd8 Be3 40. Rxc8 Rxc8 41. Nd8+ Kd7 42. c6+ Ke8 43. Ne6 Kf7 44. Nd8+ Ke8 45. Nb7 g5 46. Be1 Kxe7 47. Bxa5 Rh8 48. Bxc7 Rxh3 49. Bd8+ Ke6 50. Ba5 Bd4+ 51. Kc2 Be5 52. c7 Kd7 53. Nc5+ Kc8 54. b6 Bxc7 55. bxc7 Ra3 56. Nb3 Rxa2+ 57. Kc3 Ra4 58. Kd3 Rxg4 59. Nd4 Rh4 60. Nf5 Rh8 61. Ke4 Kd7 62. Bc3 Re8+ 63. Be5 1/2-1/2